| 000 | 00679nam a2200229 a 4500 | ||
|---|---|---|---|
| 001 | 000018911 | ||
| 005 | 20200929165900.0 | ||
| 008 | 100520s1980 sp 000 0 spa d | ||
| 020 | _a8485530101 | ||
| 040 |
_aDO-SdBNP _bspa _cBNPHU |
||
| 082 |
_a636.1 _bH526c |
||
| 100 | 1 |
_aHenschel, Georgie, _940701 |
|
| 245 | 1 | 4 |
_aLos caballos y ponys / _cGeorgio Henschel ; traducción de Pero Rubiralta. |
| 260 |
_aBarcelona : _bFontalva, _c1980. |
||
| 300 |
_a125 p. : _bil. ; _c20 cm. |
||
| 490 | 1 | _aGuias fontalba | |
| 650 | 4 |
_aCaballos _940702 |
|
| 650 | 4 |
_aCaballos _xHistoria _940703 |
|
| 700 | 1 |
_aRubiralta, Pero, _etr. _940704 |
|
| 830 | 0 |
_aGuias fontalba _940705 |
|
| 049 | _aBNGR | ||
| 999 |
_c18429 _d18429 |
||